000
00340nam a2200145Ia 4500
008
191201s2009 xx 000 0 und d
082
_a
005.1
_b
MAF
100
_a
MALL, Rajib
245
0
_a
Fundamentals of Software Engineering
250
_a
3rd
260
_a
N.Delhi
_b
PHI
_c
2009
300
_a
441
650
_a
B.Tech(IT)
942
_2
ddc
_c
BK
999
_c
4234
_d
4234